00343nam a2200145Ia 4500008004100000020001800041041000800059082001800067100001700085245002700102260002700129300000800156365001600164700001700180230718s9999 xx 000 0 und d a9788131529034 aeng a005.13'3bLAM aLambert K.A. aFundamentals Of Python c2017bCengage Learning a394 cRs.b399.00 aLambert K.A.